01221nabaa22002297a 4500999001500000003000400015005001700019008004100036040000700077100003200084245021300116300001300329500003700342505025600379505008900635650003200724650003900756650003000795650003200825773012100857942001300978 c6281d6281OSt20260128225930.0190701b xxu||||| |||| 00| 0 spa d cPJ 96978aDel Rosso, Sergio E. 13aLa motivación del acto administrativo y el régimen de nulidades :ben atención a las modificaciones introducidas por la ley 27.742 al Régimen de Procedimientos Administrativos /cSergio E. Del Rosso.  ap. 84-92 aCita: TR LALEY AR/DOC/3278/2024  aSumario: I. Introducción.— II. ¿Por qué deben fundarse las decisiones estatales?— III. El debido proceso legal y la obligación de motivar los actos administrativos.— IV. Del régimen de nulidades.— V. Colofón.— VI. Bibliografía.  t¿Te interesa el texto completo? Comunicate al correo: koha@justierradelfuego.gov.ar 09211aDERECHO ADMINISTRATIVO 091135aPROCEDIMIENTO ADMINISTRATIVO 091171aACTO ADMINISTRATIVO 09178aDERECHO CONSTITUCIONAL0 0284293251dBuenos Aires : AbeledoPerrot, 2012-oDA121tDerecho administrativo. Nº 157 enero/febrero 2025z18510590 2udccANA